Compendio bioético / (Registro nro. 2323)

Detalles MARC
000 -LEADER
fixed length control field 01230nam a2200397 a 4500
005 - FECHA ULTIMA MODIFICACION
control field 20240327120932.0
008 - CAMPO DE CONTROL (LIBRO)
fixed length control field 100309e2000||||ag |||f ||||1 1s0 spa d
020 ## - INTERNATIONAL STANDARD BOOK NUMBER
ISBN 9509331058
041 ## - CODIGO DE IDIOMA
Código de idioma del texto/pista de sonido o título separado spa
092 ## - SIGNATURA TOPOGRAFICA DEWEY LOCAL
número de clasificación 174
libristica 51
sección MAI
100 1# - ENTRADA PRINCIPAL--NOMBRE PERSONAL
Nombre personal Mainetti, José Alberto
9 (RLIN) 962
245 ## - TITULO PROPIAMENTE DICHO
Título Compendio bioético /
Mención de responsabilidad y remanente de la transcripción de la portada José Alberto Mainetti.
250 ## - MENCION DE EDICION
Mención de edición 1a ed.
260 ## - PIE DE IMPRENTA
Lugar de publicación, distribución, etc La Plata [Buenos Aires-ARG]:
Nombre de la editorial, distribuidor, etc Quirón;
Fecha de publicación 2000.
300 ## - DESCRIPCION FISICA
Extension 219 p.
500 ## - NOTA GENERAL
Nota general Mainetti, J. A. (2000). Compendio bioético. (1a ed.). Buenos Aires : Quirón.
590 ## - NOTAS LOCALES (RLIN)
Nota local Donación Dora Vera. Febrero 2017
653 ## - TÉRMINO INDIZADO - PALABRAS CLAVES
Palabra clave Orden natural
653 ## - TÉRMINO INDIZADO - PALABRAS CLAVES
Palabra clave Medicina hipocrática
653 ## - TÉRMINO INDIZADO - PALABRAS CLAVES
Palabra clave Juramento hipocrático
653 ## - TÉRMINO INDIZADO - PALABRAS CLAVES
Palabra clave Orden sobrenatural
653 ## - TÉRMINO INDIZADO - PALABRAS CLAVES
Palabra clave Medicina medieval
653 ## - TÉRMINO INDIZADO - PALABRAS CLAVES
Palabra clave Ética y etiqueta
653 ## - TÉRMINO INDIZADO - PALABRAS CLAVES
Palabra clave Orden Social
653 ## - TÉRMINO INDIZADO - PALABRAS CLAVES
Palabra clave Medicina moderna
653 ## - TÉRMINO INDIZADO - PALABRAS CLAVES
Palabra clave Deontología profesional
653 ## - TÉRMINO INDIZADO - PALABRAS CLAVES
Palabra clave Estatuto epistemológico
653 ## - TÉRMINO INDIZADO - PALABRAS CLAVES
Palabra clave Paradigma disciplinario
653 ## - TÉRMINO INDIZADO - PALABRAS CLAVES
Palabra clave Metabioética
653 ## - TÉRMINO INDIZADO - PALABRAS CLAVES
Palabra clave Cuestión nominal de la bioética
653 ## - TÉRMINO INDIZADO - PALABRAS CLAVES
Palabra clave Crisis bio-ética
653 ## - TÉRMINO INDIZADO - PALABRAS CLAVES
Palabra clave Complejo bioético
653 ## - TÉRMINO INDIZADO - PALABRAS CLAVES
Palabra clave Medicina y humanidad
653 ## - TÉRMINO INDIZADO - PALABRAS CLAVES
Palabra clave Fenomenología de la intercorporeidad
942 ## - ADDED ENTRY ELEMENTS (KOHA)
Source of classification or shelving scheme Dewey Decimal Classification
Item type Libros
Existencias
Estado de retiro Existencia Fuente de clasificación Estado general No para prestamo Ubicación permanente ubicación actual Sala de ubicación Fecha de adquisición Fuente de adquisición Total Checkouts Número de clasificación Código de barras Date last seen Date last borrowed Número de ejemplar Koha tipo de elemento (item) Public note
    Dewey Decimal Classification     Biblioteca Medicina Biblioteca Medicina Circulación 22/02/2017 Donación Dora Vera. Febrero 2017 1 174 51 MAI 3783 24/08/2021 19/08/2021 Ej.1 Libros Donación Dora Vera. Febrero 2017

UNIVERSIDAD NACIONAL DEL COMAHUE
Biblioteca de la Facultad de Ciencias Médicas
Sede Toschi: Los Arrayanes y Av. Toschi, Cipolletti  - Rio Negro
Sede Los Tordos:  Yrigoyen al 2211, Cipolletti - Rio Negro 

Teléfono: 0299 - 4774707 int 25
Contacto: biblioteca@facimed.uncoma.edu.ar
© 2011 - 2026